| 000 | 00576nam a2200193 i 4500 | ||
|---|---|---|---|
| 001 | 83572 | ||
| 003 | ES-MaACL | ||
| 005 | 20230906174844.0 | ||
| 007 | t| | ||
| 008 | 041117s1972 sp ||||1| spa d | ||
| 080 | _a396 | ||
| 100 | 1 |
_aJacobi, Jolande. _965841 |
|
| 245 | 1 | 0 |
_aProblemas de la mujer _b: problemas del matrimonio / _cJolande Jacobi ; traducido del alemán por Diorki. |
| 260 |
_aMadrid : _bStudium, _c[1972] |
||
| 300 |
_a237 p. ; _c21 cm. |
||
| 650 | 4 |
_aMujeres- _xSituación social- _yS.XX. _9167814 |
|
| 710 | 2 |
_aDiorki. _93392 |
|
| 852 | 4 |
_aES-MaACL _jC-45154 |
|
| 999 |
_c83572 _d83572 |
||